000 00377nam a2200145Ia 4500
008 230711s9999||||xx |||||||||||||| ||und||
041 _aENG
082 _a624
_bHA-P
100 _aHare,Clive H
245 0 _aPainting of steel bridges and other Structures
250 _a1st Ed.
260 _c1990
_aNew York
_bVan Nostrand Reinhold Co.
650 _aCivil Engineering
942 _cBK
999 _c401
_d401